My philosophical development
Uloženo v:
| Hlavní autor: | |
|---|---|
| Médium: | Kniha |
| Jazyk: | angličtina |
| Vydáno: |
Londres
George Allen and Unwin
1959
|
| Témata: | |
| Tagy: |
Přidat tag
Žádné tagy, Buďte první, kdo vytvoří štítek k tomuto záznamu!
|
MARC
| LEADER | 00000nam a2200000 a 4500 | ||
|---|---|---|---|
| 001 | UCX7386 | ||
| 003 | CL-VaPUC | ||
| 008 | 931207e19590000UK |||||||||||||||||eng|d | ||
| 082 | 0 | 4 | |a 192 |b RUS |2 21 |
| 100 | 0 | |a Russell, Bertrand |e author |9 323650 | |
| 245 | 1 | 0 | |a My philosophical development |
| 300 | |a 279 p | ||
| 942 | |c BK | ||
| 945 | |d 19931207 00:00:00 |a rbrito | ||
| 260 | |a Londres |b George Allen and Unwin |c 1959 | ||
| 650 | 0 | |a Filosofía inglesa |9 255676 | |
| 583 | |a last modification |c 19931207 00:00:00 |k Rodrigo Vera | ||
| 999 | |c 227214 |d 227212 | ||
| 952 | |0 0 |1 0 |4 0 |6 192_000000000000000_RUS_1959 |7 0 |8 P |9 226084 |a BIBEDU |b BIBEDU |c BIBEDU_PB |d 2019-11-15 |i 2946033 |o 192 RUS 1959 |p 2946033 |r 2024-01-25 |w 2019-11-15 |y BK |k FIL | ||